| 000 | 00364nam a2200109Ia 4500 | ||
|---|---|---|---|
| 008 | 171204s9999 xx 000 0 und d | ||
| 245 | _aNew Perspectives On Chinese Syntax: Trends in Linguistics Studies and Monographs | ||
| 245 | _cWaltraud Paul | ||
| 260 | _c2014 | ||
| 650 | _xForeign Language 3 (Mandarin) | ||
| 856 | _uhttp://down.ebook777.com/018/3110338688.pdf | ||
| 999 |
_c346677 _d346677 |
||